[Event "DSOL 07 Liga Gr-A 1st"]
[Site "Playchess.com INT"]
[Date "2020.07.07"]
[Round "3.4"]
[White "Berger, Tammo"]
[Black "Springer, Wolfgang Wilhelm"]
[Result "1-0"]
[WhiteElo "1247"]
[BlackElo "1267"]
[PlyCount "55"]
[EventDate "2020.06.22"]
[EventType "team-tourn (rapid)"]
[EventCountry "GER"]
[SourceTitle "EXT 2021"]
[Source "ChessBase"]
[SourceDate "2020.10.23"]
[SourceVersion "1"]
[SourceVersionDate "2020.10.23"]
[SourceQuality "1"]
[WhiteTeam "Thuering Foederverein"]
[BlackTeam "Hamburger SK IX"]
[WhiteTeamCountry "GER"]
[BlackTeamCountry "GER"]

1. e4 e5 2. d4 Nf6 3. Bg5 d6 4. Nf3 Bg4 5. dxe5 dxe5 6. Qxd8+ Kxd8 7. Nxe5 Be6 8. Nc3 Be7 9. 0-0-0+ Kc8 10. Bc4 Rf8 11. Bxe6+ fxe6 12. f3 h6 13. Be3 b6 14. Ng6 Re8 15. Bf4 Nbd7 16. Nb5 e5 17. Nxe5 a6 18. Nxc7 Kxc7 19. Nxd7+ Kb7 20. Be3 b5 21. Nc5+ Kc8 22. Ne6 g5 23. Bb6 Kb7 24. Ba5 Rac8 25. e5 Ng8 26. Rd7+ Kc6 27. Rhd1 Bf6 28. R1d6# 1-0